Kontanthjaelp i Kobenhavn 1983

Saved in:
Bibliographic Details
Format: Book
Language:Danish
Published: Kobenhavn Statistiske kontor 1983
Edition:1. ed.
Series:Undersogelse Nr.21
Tags: Add Tag
No Tags, Be the first to tag this record!

MARC

LEADER 00000nam a2200000 4500
001 c034608
005 20260119073509.9
041 0 |a dan 
044 |a DK 
245 1 0 |a Kontanthjaelp i Kobenhavn 1983 
250 |a 1. ed. 
264 1 |a Kobenhavn  |b Statistiske kontor  |c 1983 
300 |a 79 s. 
490 1 |a Undersogelse  |v Nr.21 
830 0 |a Undersogelse  |v Nr.21